Представление документа в формате RUSMARC

ПолеНазваниеЗначение
  Тип записи a
  Библиографический уровень m
001 Контрольный номер SKBR/0b6b6033-2c11-4faa-bd9e-a17dc11c6c34
005 Дата корректировки 20260420085834.4
010 Индекс ISBN __
a ISBN 978-5-04-189032-2
9 Тираж 3000 экз.
b Уточнения в пер.
d Цена 470-90
035 Другие системные номера __
a Идентификатор записи RU\NLR\BIBL_A\022498582
100 Данные общей обработки __
a Данные общей обработки 20250321d2025 dc y0rusy028902 ca
101 Язык документа 1_
a Язык текста rus
c Язык оригинала fre
102 Страна публикации __
a Страна публикации RU
105 Кодированные данные (монография) __
a Кодированные данные (монография) a z 000ay
181 Поле кодированных данных: вид содержания _0
a Код вида содержания (ISBD) i
182 Поле кодированных данных: тип средства _0
a Код типа средства (ISBD) n
200 Заглавие и сведения об ответственности 1_
a Заглавие Виржиль и "Большая книга ужасов". Замок Дракулы
e Сведения, относящиеся к заглавию [для среднего школьного возраста]
f Первые сведения об ответственности Наима Циммерманн
g Последующие сведения об ответственности [перевод с французского Евгении Муравьевой]
g Последующие сведения об ответственности иллюстрации Каролин Юэ
203 Вид содержания и тип средства __
a Вид содержания Текст
c Тип средства непосредственный
210 Выходные данные 1_
a Место издания Москва
c Издательство Эксмо
d Дата издания 2025
215 Физическое описание __
a Объем 120, [7] с.
c Иллюстрации/тип воспроизводства ил.
d Формат 21 см
225 Серия 1_
a Серия Виржиль и "Большая книга ужасов"
320 Библиография __
a Библиография Другие книги серии: с. [2] и на 4-й с. обложки
330 Аннотация __
a Аннотация У одиннадцатилетнего Виржиля плохо получается заводить друзей - всех отталкивает его интерес к монстрам, вампирам и зомби. Поэтому всё свободное время он тратит на чтение любимых ужастиков. Мальчик очень обрадовался, когда заполучил на блошином рынке старинную «Большую книгу ужасов». Но как только он начал её листать, то сам оказался в замке вампира Дракулы! Того самого, про которого Виржиль читал в романе Брэма Стокера. А это не самое безопасное место на свете, и нешуточные угрозы буквально на каждом шагу! Виржиль немедленно должен выяснить, почему он оказался в замке Дракулы, как одолеть всесильного вампира и, что не менее важно - как вернуться к себе домой со страниц знаменитого романа живым и невредимым?
333 Примечание о целевом назначении __
a Примечание о целевом назначении 12+. Для детей старше 12 лет
454 Оригинал _0
1 2001
a Le Grand Livre de L'horreur: Dans le Chateau de Dracula
1 700 1
a Zimmermann
b N.
g Naima
517 Другие варианты заглавия 1_
a Другие варианты заглавия Большая книга ужасов
517 Другие варианты заглавия 1_
a Другие варианты заглавия Замок Дракулы
606 Тематические рубрики __
2 Код системы nlr_sh
a Основная рубрика Художественная литература
606 Тематические рубрики __
2 Код системы nlr_sh
a Основная рубрика Литература Европы (произведения)
y Географическая подрубрика Франция
610 Ключевые слова 0_
a Ключевые слова детская литература
610 Ключевые слова 0_
a Ключевые слова иностранная литература
610 Ключевые слова 0_
a Ключевые слова зарубежная литература
610 Ключевые слова 0_
a Ключевые слова французская литература
610 Ключевые слова 0_
a Ключевые слова ужастики
610 Ключевые слова 0_
a Ключевые слова подростковая литература
610 Ключевые слова 0_
a Ключевые слова тема вампиров
610 Ключевые слова 0_
a Ключевые слова вампиры
610 Ключевые слова 0_
a Ключевые слова тема приключений
610 Ключевые слова 0_
a Ключевые слова тема мальчиков
610 Ключевые слова 0_
a Ключевые слова тема подростков
610 Ключевые слова 0_
a Ключевые слова страшилки
610 Ключевые слова 0_
a Ключевые слова тема опасности
610 Ключевые слова 0_
a Ключевые слова опасные приключения
686 Индексы других классификаций __
a Классификационный индекс ст84(4Фра)-445
2 Код системы rubbks
700 Автор _1
a Фамилия Циммерманн
b Имя Н.
g Полное личное имя Наима
4 Код отношения 070
702 Вторичная интеллектуальная ответственность _1
a Фамилия Юэ
b Имя К.
g Полное личное имя Каролин
4 Код отношения 440
702 Вторичная интеллектуальная ответственность _1
a Фамилия Муравьева
b Имя Е. А.
g Полное личное имя Евгения Александровна
4 Код отношения 730
801 Источник записи _0
a Страна RU
b Организация NLR
c Дата составления 20250321
g Правила каталогизации PSBO
801 Источник записи _1
a Страна RU
b Организация NLR
c Дата составления 20250321
g Правила каталогизации PSBO
801 Источник записи _2
a Страна RU
b Организация NLR
c Дата составления 20250902
2 Код формата rusmarc
g Правила каталогизации PSBO
852 Данные о местонахождении __
i Авторский знак Ц 61
j Шифр хранения ст84(4Фра)-445
900 Макрообъекты __
a Макрообъекты Виржиль и Большая книга ужасов. Замок Дракулы. Циммерманн, Н. 2025.
901 Тип документа __
a Ответственный ООФиК/Губина
t Тип документа m
901 Тип документа __
a Ответственный 4 партия
903 Характеристики (МАРС) __
a Дата передачи 20260330
c Наименование библиотеки (МАРС) Муниципальное бюджетное учреждение культуры "Централизованная библиотечная система" г. Сургут (Центральная городская библиотека им. А. С. Пушкина)
969 Тип издания __
a Тип издания издание для детей
990 Данные о заказе (DOS) __
t N записи в КСУ для И/У (DOS) 202604
j Количество экземпляров (DOS) 2